| 000 | 00561nam a2200181Ia 4500 | ||
|---|---|---|---|
| 003 | GCL | ||
| 008 | 140319s9999 xx 000 0 ara d | ||
| 040 |
_aGCL / _cGCL |
||
| 082 | 0 | 4 |
_a327.172 _bط م |
| 100 | 1 | _aطاهر شاشى | |
| 245 | 1 | 0 |
_aالمواجهة والسلام فى الشرق الاوسط الطريق الى غزة - اريحا / _cطاهر شاشى |
| 300 | _a400 ص | ||
| 490 | _a | ||
| 650 | 0 | 4 | _aالنزاع العربى الاسرائيلى |
| 650 | 0 | 4 | _aفلسطين |
| 650 | 0 | 4 | _aاتفاقية غزة اريحا |
| 942 |
_2ddc _cBK |
||
| 999 |
_c39544 _d39544 |
||